000 00550nam a2200181 i 4500
001 135661
003 ES-MaACL
005 20250323063043.0
007 t|
008 070730s1943 sp ||||1| spa d
080 _a86-31"19"
100 1 _aTorrente Ballester, Gonzalo,
_d1910-1999
_9110850
245 1 0 _aJavier Mariño
_b: historia de una conversión /
_cGonzalo Torrente Ballester.
260 _aMadrid :
_bEditora Nacional,
_c1943.
300 _a599 p. ;
_c20 cm.
852 _aES-MaACL
_jF-15743
_bR.20343
999 _c135661
_d135661